000 01976nam a2200397Ia 4500
001 vtls003175366
003 MY-SjTCS
005 20200226112027.0
006 m u
007 cr cn|||||||||
008 100712s2008 ne a sb 001 0 eng d
010 _z 2008-925578
020 _z1586038575
020 _z9781586038571
035 _a(CaPaEBR)ebr10267483
039 9 _y201007121440
_zVLOAD
040 _aCaPaEBR
_cCaPaEBR
050 1 4 _aQH603.C43
_bS65 2007eb
111 2 _aSolvay Pharmaceuticals Conference on Nuclear Receptors as Molecular Targets for Cardiometabolic and Central Nervous System Diseases
_n(8th :
_d2007 :
_cNice, France)
245 1 0 _aNuclear receptors as molecular targets for cardiometabolic and central nervous system diseases
_h[electronic resource] /
_cedited by J.L. Junien and B. Staels.
260 _aAmsterdam ;
_aWashington, DC :
_bIOS Press,
_cc2008.
300 _aix, 117 p. :
_bill. (some col.).
440 0 _aSolvay Pharmaceuticals Conferences ;
_vv. 8
500 _a"Contains papers from the Eight Solvay Pharmaceuticals Conference on Nuclear Receptors as Molecular Targets for Cardiometabolic and Central Nervous System Diseases held in Nice (France) April 11-13, 2007" -- p. vi.
504 _aIncludes bibliographical references and index.
529 _aTSLHHL
533 _aElectronic reproduction.
_bPalo Alto, Calif. :
_cebrary,
_d2009.
_nAvailable via World Wide Web.
_nAccess may be limited to ebrary affiliated libraries.
650 0 _aCentral nervous system
_xDiseases
_vCongresses.
650 0 _aHeart
_xDiseases
_vCongresses.
650 0 _aNuclear receptors (Biochemistry)
_vCongresses.
655 7 _aElectronic books.
_2local
700 1 _aJunien, Jean-Louis.
700 1 _aStaels, B.
710 2 _aebrary, Inc.
_925628
856 4 0 _uhttps://ezproxy.taylors.edu.my/login?url=http://site.ebrary.com/lib/taylorscollege/Doc?id=10267483
_zAn electronic book accessible through the World Wide Web; click to view
999 _c88963